000 00453nam a2200133Ia 4500
008 231129s1989||||xx |||||||||||||| ||spa||
020 _a958-643-000-6
040 _bspa
082 _a986.105 S231n (EN PROCESO DE DESCARTE) Vols. 1
245 0 _aSantander y El Congreso de 1824 Actas y Correspondencia
260 _c1989
264 _aBogotá (Colombia) : Fundacion Francisco de Paula Santander
942 _2ddc
_cBKS
999 _c24334
_d24334